Mort subite Prénom de pape ou non ? (3) - Statistiques

Statistiques générales
  • Ce quiz a été pris 106 fois
  • Le résultat moyen est 5 sur 19
Answers on the Grid
Answers color-coded by a green-red scale on the quiz's grid according to % correct below.
Innocent
Pie
Léon
Paul
Jean
Adrien
Denys
Urbain
Hilaire
Antère
Symmaque
Hormisdas
Pascal
Félix
Agapet
Célestin
Sylvestre
Nicolas
Simplice
Robert
Henri
Philippe
Louis
Jean-Marc
Antoine
Napoléon
Alphonse
Théodore
Théophile
Théophraste
Jean-Charles
Edouard
Manuel
Sébastien
Michel
Igor
Emmanuel
Noël
Benjamin
Fulgence
 
Statistiques - réponses
Réponse % Correct
Pie
57%
Paul
53%
Jean
51%
Innocent
50%
Urbain
44%
Léon
43%
Célestin
26%
Adrien
22%
Félix
18%
Hilaire
16%
Sylvestre
16%
Nicolas
15%
Pascal
10%
Symmaque
10%
Antère
9%
Hormisdas
9%
Simplice
9%
Agapet
7%
Denys
4%
Aucun quiz correspondant
Distribution des résultats
% des personnes avec chaque résultat
Percentile par nombre de réponses
Votre historique - résultats
Vous n’avez pas pris ce quiz